000
00287nam a2200109Ia 4500
008
210430s9999 xx 000 0 und d
082
_a
104.8 A3165T
100
_a
Syed Abul Alaa Modudi
245
_a
Tafheem Ul Quran, Part 1
_c
Syed Abul Alaa Modudi
300
_a
664
942
_c
BK
_2
ddc
999
_c
565188
_d
565188